London Trams Map - Statistics

General Stats
  • This quiz has been taken 440 times
    414 since last reset
  • The average score is 25 of 39
Answers on the Map
Answers color-coded by a green-red scale on the quiz's map according to % correct below.
 
Answer Stats
Answer % Correct
Wimbledon
93%
East Croydon
91%
West Croydon
89%
Mitcham
80%
Beckenham Junction
79%
New Addington
77%
Elmers End
75%
Dundonald Road
74%
Mitcham Junction
74%
Morden Road
71%
George Street
69%
Arena
68%
Beckenham Road
68%
Centrale
68%
Merton Park
68%
Church Street
66%
Reeves Corner
66%
Ampere Way
64%
Sandilands
63%
Addiscombe
61%
Addington Village
60%
Lebanon Road
60%
Therapia Lane
60%
King Henry's Drive
58%
Phipps Bridge
58%
Avenue Road
57%
Birkbeck
57%
Blackhorse Lane
57%
Belgrave Walk
56%
Waddon Marsh
56%
Lloyd Park
55%
Wandle Park
55%
Woodside
54%
Beddington Lane
51%
Coombe Lane
49%
Wellesley Road
49%
Fieldway
48%
Gravel Hill
47%
Harrington Road
44%
No matching quizzes found
Score Distribution
Percent of People with Each Score
Percentile by Number Answered
Your Score History
You have not taken this quiz since the last reset